[Event "FRA-chT2S"]
[Site "France"]
[Date "2003.03.16"]
[Round "9.3"]
[White "Lepelletier, Yannick"]
[Black "Lamorelle, Julien"]
[Result "1-0"]
[WhiteElo "2446"]
[BlackElo "2229"]
[PlyCount "71"]
[EventDate "2002.10.??"]
[EventType "team"]
[EventRounds "11"]
[EventCountry "FRA"]
[SourceTitle "EXT 2004"]
[Source "ChessBase"]
[SourceDate "2003.11.25"]
[SourceVersion "1"]
[SourceVersionDate "2003.11.25"]
[SourceQuality "1"]

1. e4 e5 2. Nf3 Nc6 3. Bb5 a6 4. Ba4 Nf6 5. 0-0 Be7 6. Re1 b5 7. Bb3 0-0 8. d4 d6 9. c3 Bg4 10. Be3 exd4 11. cxd4 d5 12. e5 Ne4 13. Nc3 Nxc3 14. bxc3 Bf5 15. Nd2 Na5 16. Nf1 Nxb3 17. axb3 a5 18. Re2 Bd7 19. Bc1 a4 20. Rea2 Qb8 21. Ba3 c5 22. Ne3 Be6 23. Bc1 f6 24. exf6 Bxf6 25. bxa4 b4 26. Rb1 Qa7 27. cxb4 Bxd4 28. b5 c4 29. a5 Bc5 30. b6 Qb7 31. Ba3 Rxa5 32. Bxc5 Rxa2 33. Bxf8 Kxf8 34. Qf3+ Kg8 35. Nxc4 Ra6 36. h3 1-0